Statistiche per Stati per aspettativa di vita

Clicka qui per fare il quiz!

Statistiche generali

  • Questo quiz è stato fatto 23 volte
  • Il punteggio medio è 15 su 20

Statistiche sulle risposte

Aspettativa di vita alla nascita (anni)ContinenteStato% Corretto
81,7EuropaGermania
100%
84,3AsiaGiappone
100%
83,0EuropaItalia
100%
83,2EuropaSpagna
100%
82,2America del NordCanada
95%
82,6EuropaNorvegia
95%
83,0OceaniaAustralia
91%
82,4EuropaSvezia
91%
83,4EuropaSvizzera
91%
82,5EuropaFrancia
86%
82,0OceaniaNuova Zelanda
86%
83,3AsiaCorea del Sud
82%
81,8EuropaPaesi Bassi
73%
81,8EuropaIrlanda
64%
82,3EuropaIslanda
64%
82,4EuropaLussemburgo
64%
83,2AsiaSIngapore
45%
81,9EuropaMalta
32%
83,1AsiaCipro
23%
82,6AsiaIsraele
23%

Distribuzione punteggi

Percentile per numero di risposta

Percentuale di utenti per punteggio

I tuoi punteggi nel tempo

Non hai fatto questo quiz